[Event "XVII MetLife Najdorf Open 2017"]
[Site "Warsaw"]
[Date "2017.07.15"]
[Round "7"]
[White "Debashis, Das"]
[Black "Rakesh Kumar Jena"]
[Result "1/2-1/2"]
[WhiteElo "2505"]
[BlackElo "2283"]
[Annotator "TA"]
[PlyCount "160"]
[EventDate "2017.??.??"]
[EventType "swiss"]
[EventCountry "POL"]
[SourceTitle "playchess.com"]
[Source "ChessBase"]
[SourceQuality "1"]

{[%evp 10,160,60,52,58,47,47,50,50,54,88,52,72,24,29,35,65,63,85,55,86,67,61,60,62,67,81,40,66,18,95,95,94,87,95,54,38,40,39,30,36,36,32,30,37,39,37,37,39,37,30,31,31,0,0,0,53,29,49,35,42,51,37,49,48,39,191,191,215,156,172,106,110,72,72,72,72,72,79,72,133,72,74,60,60,54,54,54,54,54,57,54,57,64,64,62,64,23,64,57,57,57,64,64,64,43,43,43,43,43,43,43,43,43,43,0,8,8,8,8,8,8,8,8,8,8,8,8,8,8,8,8,8,8,8,8,8,8,8,8,8,8,8,7,7,7,7,7,7,7,7,7,7]} 1. d4 d5 2. c4 c6 3. Nf3 Nf6 4. e3 a6 5. Nbd2 b5 (5... Bf5 6. Nh4 Be4 7. Qb3 Ra7 8. Nxe4 dxe4 9. Nf5 e6 10. Ng3 c5 11. dxc5 Nbd7 12. Qa4 Bxc5 13. Bd2 O-O {½-½ (31) Kovalyov,A (2643)-Erenburg,S (2550) Medellin 2017}) 6. b3 {LiveBook: 19 Games. D11: Slav Defence: 3 Nf3 sidelines and 3...Nf6 4 e3 Bg4} g6 7. Be2 $146 ({Predecessor:} 7. Bd3 Bf5 8. Qc2 Bxd3 9. Qxd3 Bg7 10. O-O O-O 11. Bb2 Nbd7 12. Rfc1 Qb6 13. Qc2 {½-½ (47) Lingnau,C (2410)-Laubsch,B (2263) Germany 2017}) 7... Bg7 8. O-O {White is slightly better.} O-O 9. a4 {[%cal Ra4b5]} dxc4 10. bxc4 {[%cal Ra4b5]} b4 $1 11. a5 c5 12. Bb2 Nfd7 13. Nb3 Bb7 14. Qd2 (14. Ne1 {looks sharper.} e6 15. Nd3 cxd4 16. exd4 Qc7 17. Re1) 14... Qc7 15. dxc5 (15. Rfd1 {seems wilder.} Bxf3 16. Bxf3 Nc6 17. Be2 Rfd8 18. Qc2) 15... Bxb2 16. Qxb2 Nxc5 17. Nxc5 Qxc5 18. Qd4 (18. Rfd1 {is more complex.} Be4 19. Nd2 Bc6 20. Nb3 Qg5 21. g3) 18... Qxd4 19. Nxd4 (19. exd4 {is interesting.} Ra7 20. Rfb1 Be4 21. Rxb4 Nc6 22. Rb6) 19... Nc6 (19... e5 $11 20. Nb3 Bc6) 20. Rfb1 $16 Rab8 21. Ra4 Rfd8 22. Nxc6 Bxc6 23. Raxb4 Rxb4 24. Rxb4 {[%mdl 4096] Endgame KRB-KRB} Rd2 25. Bf1 Rd1 26. f3 Ra1 $1 27. Rb6 Bd7 28. Rxa6 {[#] Black must now prevent Kf2.} Be6 $1 {[%cal Re6c4]} 29. Ra8+ Kg7 30. Kf2 Ra2+ 31. Ke1 Ra1+ 32. Kf2 {[#] Threatens to win with a6.} Ra2+ 33. Kg3 Ra1 $1 {[%cal Ra1f1]} 34. Be2 {Strongly threatening a6.} Ra2 35. Bd3 Ra3 36. Be4 {And now c5 would win.} Bxc4 37. Bb7 {aiming for a6.} Ra2 $2 (37... Rxe3 $14 38. a6 Ra3) 38. a6 $18 e5 39. f4 e4 40. Bxe4 (40. a7 $18) 40... Rxa6 $16 41. Rc8 Be6 42. Rc3 h5 43. Bf3 Rb6 44. e4 Rb3 ({Better is} 44... Rb4) 45. Rc7 (45. Rxb3 $142 Bxb3 46. Be2) 45... Bg4 46. e5 (46. Rc6 {with more complications.} Bd7 47. Rd6 Be6 48. h3 Rb4 49. Kf2) 46... Kg8 47. h3 (47. Rb7 {is more complex.} Ra3 48. Rb4 Kf8 49. Rc4 Kg7 50. Rc6) 47... Bxf3 48. gxf3 $14 {KR-KR} Rb4 49. Rc6 Kg7 50. Rf6 Rb5 51. Rd6 Rb4 52. Rd1 Ra4 53. Re1 Rb4 54. Re4 Rb5 55. Rc4 Ra5 56. h4 Rb5 57. Kf2 Rb2+ 58. Ke3 Rh2 59. Rc7 {Hoping for e6.} Kf8 60. f5 gxf5 61. Kf4 Rxh4+ 62. Kxf5 (62. Kg5 $5 {[%cal Rg5h4]} Ra4 63. Kxh5 $14) 62... Ra4 {The position is equal.} 63. f4 h4 64. Rc3 Rb4 65. Rh3 f6 66. e6 Ke7 67. Rxh4 Rb5+ 68. Kg6 f5 69. Rh1 Kxe6 70. Re1+ Kd7 71. Kf6 Kd8 72. Kf7 {Black should prevent Re5.} Rb4 73. Rd1+ Kc7 74. Rf1 Kd7 75. Kf6 Ke8 76. Kxf5 Kf7 77. Rc1 Rb5+ 78. Kg4 Ra5 79. Rc7+ Kf6 80. Rc6+ Kf7 {Precision: White = 57%, Black = 71%.} 1/2-1/2

[Event "XVII MetLife Najdorf Open 2017"]
[Site "Warsaw"]
[Date "2017.07.15"]
[Round "7"]
[White "Puranik, Abhimanyu"]
[Black "Kovalev, Vladislav"]
[Result "1/2-1/2"]
[WhiteElo "2479"]
[BlackElo "2639"]
[Annotator "TA"]
[PlyCount "169"]
[EventDate "2017.??.??"]
[EventType "swiss"]
[EventCountry "POL"]
[SourceTitle "playchess.com"]
[Source "ChessBase"]
[SourceQuality "1"]

{[%evp 28,169,0,-3,33,0,41,5,12,11,0,0,6,13,0,6,27,28,36,31,27,3,13,15,27,30,27,20,35,0,3,4,0,6,4,0,0,0,0,0,0,0,0,0,0,-12,-13,-17,-14,-13,-9,-8,-9,-8,-4,-11,-8,-10,0,-29,-13,-22,-22,-14,-9,-22,-14,-22,-22,-22,-14,-22,-8,-10,-10,-15,-10,-10,-10,-11,-11,-17,-5,-5,-5,-5,-5,-10,0,-16,-10,-47,-24,-24,-20,-27,-27,-27,-27,-42,-17,-24,-10,-10,-10,-11,0,0,0,-7,0,0,0,0,0,0,0,-10,-9,-8,-8,-20,-10,-26,-20,-32,-4,-4,-4,-4,-4,-4,-4,-4,-4,-4,0,-4,-8,-8,0,0,0,0]} 1. e4 e5 2. Nf3 Nc6 3. Bb5 {[%cal Bf1b5,Bb5a4,Ba4b3][%mdl 32]} a6 4. Ba4 Nf6 5. O-O Be7 6. Re1 b5 7. Bb3 O-O 8. d4 {[%cal Bd2d4,Bd4d5][%mdl 32]} d6 9. c3 Bg4 10. d5 Na5 11. Bc2 Qc8 12. Nbd2 c6 13. h3 Bd7 14. dxc6 Qxc6 15. Nf1 h6 {C91: Closed Ruy Lopez: 7...d6 8 c3 0-0 9 d4} (15... Rfc8 16. Ne3 Nc4 17. Nf5 Bxf5 18. exf5 h6 19. a4 Bd8 20. b3 Nb6 21. axb5 axb5 22. Rxa8 Rxa8 23. Bb2 {½-½ (80) Perunovic,M (2622)-Karjakin,S (2762) Berlin 2015}) 16. Ne3 Rfe8 17. Qd3 Be6 18. Nd5 $146 ({Predecessor:} 18. Rd1 Qb7 19. Nh2 Rad8 20. Nd5 Kf8 21. b3 Nc6 {1-0 (49) Havlikova,K (2285)-Galojan,L (2383) Porto Carras 2011}) 18... Bxd5 19. exd5 Qc4 20. Nd2 Qxd3 21. Bxd3 Rac8 22. a4 Nc4 23. axb5 axb5 24. b3 Nxd2 25. Bxd2 Rc5 26. c4 bxc4 27. bxc4 Rc7 28. f4 e4 29. Bxe4 {Black must now prevent Bd3.} Rxc4 30. Bf3 Kf8 31. Be3 Ne4 32. Rac1 Rb4 33. Rb1 Rc4 34. Rbc1 Nc3 35. Bd2 Rec8 36. Bxc3 Rxc3 37. Rxc3 Rxc3 $11 {[%mdl 4096] Endgame KRB-KRB} 38. Kf2 Bh4+ 39. g3 Bf6 40. h4 g6 41. Re4 Rb3 42. Kg2 Rd3 43. Kf2 Kg7 44. Re2 Bd4+ 45. Kg2 Be3 46. Be4 Ra3 47. Kf3 Bd4+ 48. Kg2 Kf6 49. Bc2 g5 50. hxg5+ hxg5 51. Re4 Be3 52. fxg5+ Kxg5 53. Ra4 Rc3 54. Bd1 f5 55. Ra8 Rd3 56. Bf3 Rd2+ 57. Kh3 Bg1 {[%csl Gg1][%cal Rd2h2] [#]} (57... Rf2 $5 {[%cal Rf2f3]} 58. Rg8+ Kf6 $11) 58. Bg2 Rd3 59. Ra1 Bd4 60. Rf1 Be5 61. Rf3 Rd2 62. Ra3 Rb2 63. Bf3 Rb8 64. Kg2 Rg8 65. Be2 Kf6 66. Kh3 Bd4 67. Rf3 Ke5 68. Bd3 {[%csl Gd3][%cal Rf3f5] [#]} Rf8 (68... Rh8+ {feels hotter.} 69. Kg2 Rh5 70. Bc2 Rg5 71. Bd3 Bb2) 69. Kg2 Bb6 70. Rf1 Bd8 71. Bb1 Bg5 72. Bc2 f4 73. gxf4+ Bxf4 74. Rd1 Be3 {Strongly threatening ...Rf2+.} (74... Rc8 $5 {[%cal Rc8c2]} 75. Re1+ Kxd5 76. Be4+ Kd4 $11) 75. Kg3 (75. Rf1 $5 {[%cal Rf1f8]} Rc8 76. Bb1 $15) 75... Bf2+ 76. Kg4 Rf4+ 77. Kg5 {The position is equal.} Rf3 78. Rd3 Be3+ 79. Kg6 Rf6+ 80. Kg7 Bh6+ 81. Kh7 Bf4 82. Rd1 Be3 83. Bg6 Bd4 84. Kg7 Rf4 85. Bf7 {Precision: White = 57%, Black = 45%.} 1/2-1/2

[Event "XVII MetLife Najdorf Open 2017"]
[Site "Warsaw"]
[Date "2017.07.15"]
[Round "7"]
[White "Prasanna Raghuram Rao"]
[Black "Miroshnichenko, Pavel"]
[Result "1-0"]
[WhiteElo "2466"]
[BlackElo "2294"]
[Annotator "TA"]
[PlyCount "71"]
[EventDate "2017.??.??"]
[EventType "swiss"]
[EventCountry "POL"]
[SourceTitle "playchess.com"]
[Source "ChessBase"]
[SourceQuality "1"]

{[%evp 33,71,39,46,15,25,33,55,60,68,66,62,59,158,150,165,150,168,140,107,112,219,214,205,205,209,209,206,209,302,265,713,712,941,926,1114,1032,5514,5510,29993,29994]} 1. e4 e5 2. Nf3 Nc6 3. Bb5 a6 4. Ba4 Nf6 5. O-O Be7 6. d3 d6 7. c3 O-O 8. Re1 b5 9. Bb3 Na5 10. Bc2 c5 11. Nbd2 Nc6 12. Nf1 Re8 13. h3 Bf8 14. Ng3 h6 15. d4 exd4 16. cxd4 cxd4 17. Nxd4 Bb7 18. Bf4 {C92: Closed Ruy Lopez: 9...Be6, Karpov and Flohr-Zaitsev Variations} Nxd4 19. Qxd4 d5 20. e5 {White is slightly better.} Ne4 21. Nxe4 dxe4 22. Qe3 f5 $146 (22... Qe7 $14) ({Predecessor:} 22... Rc8 23. Bxe4 Bxe4 24. Qxe4 Rc4 {½-½ (74) Yemelin,V (2577)-Predke,A (2464) Samara 2012}) 23. Bb3+ $16 Kh7 {Black wants to play ...g5.} 24. Rad1 $36 {[%mdl 2048] White is on the roll.} Qe7 25. Qb6 Rac8 26. Rc1 Rxc1 (26... g5 $16 {is a better defense.} 27. Be3 Bg7) 27. Rxc1 $18 {Rc7 is the strong threat.} ({Weaker is} 27. Bxc1 Bc8 $14) 27... Rc8 {[#]} 28. Be6 $1 {[%cal Re6f5]} Rxc1+ 29. Bxc1 g6 {[#]} 30. h4 $1 {[%cal Bh3h4,Bh4h5][%mdl 544]} Ba8 (30... e3 {was called for.}) (30... Qxh4 31. Qxb7+) 31. h5 {Hoping for hxg6+.} ({Don't take} 31. Qxa6 $6 Qb7 $18) 31... Qe8 $2 (31... Qc5 32. hxg6+ Kg7 33. Qxc5 Bxc5) 32. Qa7+ Be7 33. Be3 Qd8 34. Kh2 Kh8 35. hxg6 {Threatening mate with Bc5.} Qf8 {[#]} 36. Bc5 $1 {[%mdl 512] Precision: White = 92%, Black = 14%.} 1-0

[Event "XVII MetLife Najdorf Open 2017"]
[Site "Warsaw"]
[Date "2017.07.15"]
[Round "7"]
[White "Thybo, Jesper Sondergaard"]
[Black "Zhigalko, Andrey"]
[Result "1/2-1/2"]
[WhiteElo "2465"]
[BlackElo "2564"]
[Annotator "TA"]
[PlyCount "74"]
[EventDate "2017.??.??"]
[EventType "swiss"]
[EventCountry "POL"]
[SourceTitle "playchess.com"]
[Source "ChessBase"]
[SourceQuality "1"]

{[%evp 21,74,0,0,-13,-12,-19,-10,-20,-14,-39,-32,-36,-16,-26,-28,-16,-16,-16,-10,-10,0,-5,0,0,0,0,0,0,0,0,0,0,0,0,0,1,55,2,2,2,2,3,20,0,0,0,0,0,0,0,0,0,0,0,0]} 1. d4 Nf6 2. Nf3 e6 3. c4 b6 4. g3 Ba6 5. b3 Bb4+ 6. Bd2 Be7 7. Bg2 c6 8. O-O d5 9. Qc2 Nbd7 10. Rd1 O-O 11. Bf4 {E15: Queen's Indian: 4 g3 sidelines, 4 g3 Ba6 and 4 g3 Bb7 early deviations} (11. Bc1 Rc8 12. Bb2 Ne4 13. Nc3 Nxc3 14. Qxc3 Bd6 15. Qc2 f5 16. e3 Bb7 17. Rac1 Qe7 18. Ne1 a5 {½-½ (41) Ding,L (2783)-Zhigalko,S (2635) Khanty-Mansiysk 2017}) 11... h6 {LiveBook: 7 Games} 12. Ne5 $146 ({Predecessor:} 12. a4 Qc8 13. Na3 Bb7 14. Qb2 a5 15. Rac1 Ne4 16. Nd2 Nxd2 17. Bxd2 Nf6 18. cxd5 exd5 {½-½ (39) Santos Ruiz,M (2480)-Anton Guijarro,D (2676) Sharjah 2017}) 12... Nxe5 13. Bxe5 Rc8 14. Nc3 dxc4 15. Bxf6 Bxf6 16. e3 Qe7 17. Ne4 cxb3 18. axb3 Bb5 19. Nxf6+ gxf6 20. Qe4 Rc7 (20... f5 $5 {[%cal Rf5e4]} 21. Qf4 Kg7 $11) 21. Rac1 Rd8 22. Qh4 Kg7 23. Be4 Rh8 24. Qg4+ Kf8 {[#] Strongly threatening ...f5.} 25. Qf3 {[%cal Re4c6]} Kg7 26. Qg4+ ({But not} 26. Bxc6 Rhc8 $17) 26... Kf8 27. Qf3 {[%cal Re4c6]} c5 28. dxc5 f5 ({Black should try} 28... bxc5 $11 29. Ra1 f5) 29. Bd3 (29. cxb6 $14 axb6 30. Qf4) 29... Bxd3 $11 {The position is equal.} 30. Rxd3 Rxc5 31. Rxc5 Qxc5 {[%mdl 4096] Endgame KQR-KQR} 32. Rd8+ Kg7 33. Rxh8 Kxh8 34. Qa8+ Kg7 {...a5 is the strong threat.} 35. Qxa7 Qc1+ 36. Kg2 Qc6+ 37. Kg1 Qc1+ {Precision: White = 61%, Black = 55%.} 1/2-1/2

[Event "XVII MetLife Najdorf Open 2017"]
[Site "Warsaw"]
[Date "2017.07.15"]
[Round "7"]
[White "Krzyzanowski, Marcin"]
[Black "Martin, Julian"]
[Result "1/2-1/2"]
[WhiteElo "2464"]
[BlackElo "2332"]
[Annotator "TA"]
[PlyCount "80"]
[EventDate "2017.??.??"]
[EventType "swiss"]
[EventCountry "POL"]
[SourceTitle "playchess.com"]
[Source "ChessBase"]
[SourceQuality "1"]

1. e4 {Program Activation Required} c5 2. Nf3 Nc6 3. Bb5 d6 4. Bxc6+ bxc6 5. O-O e5 6. c3 Nf6 7. d4 {B51: Sicilian: Moscow Variation (3 Bb5+) without 3...Bd7} cxd4 8. cxd4 exd4 9. Nxd4 c5 10. Nf3 Be7 11. Nc3 O-O 12. Re1 $146 ({NOTEXT:} 12. Bg5 h6 13. Bxf6 Bxf6 14. Qc2 Bb7 {0-1 (45) Amin,B (2560)-Al Modiahki,M (2559) Abu Dhabi 2008}) 12... Qb6 13. Rb1 Re8 14. Bg5 Bb7 15. Nd2 Rad8 16. Qc2 h6 17. Bh4 Qa6 18. a3 Nd7 19. Bxe7 Rxe7 20. Nd5 Bxd5 21. exd5 Rde8 22. Rxe7 Rxe7 23. Nc4 Nf6 24. h3 Nxd5 25. Rd1 Qc6 26. Qd2 Nb6 27. Qxd6 Qxd6 28. Nxd6 Re2 29. Rc1 Rxb2 30. Rxc5 Rb3 31. Ra5 Rd3 32. Nf5 Nc4 33. Ra4 Nxa3 34. Rxa7 Nb5 35. Rb7 Nd4 36. Ne3 f5 37. g3 f4 38. gxf4 Ne2+ 39. Kg2 Nxf4+ 40. Kg3 Nd5 1/2-1/2

[Event "XVII MetLife Najdorf Open 2017"]
[Site "Warsaw"]
[Date "2017.07.15"]
[Round "7"]
[White "Gusain, Himal"]
[Black "Szadkowski, Kamil"]
[Result "1/2-1/2"]
[WhiteElo "2461"]
[BlackElo "2237"]
[Annotator "TA"]
[PlyCount "46"]
[EventDate "2017.??.??"]
[EventType "swiss"]
[EventCountry "POL"]
[SourceTitle "playchess.com"]
[Source "ChessBase"]
[SourceQuality "1"]

{[%evp 22,46,32,39,119,54,45,-95,-116,-107,-122,-125,-108,-118,-125,-121,-118,-113,-81,-112,-104,-118,-122,-120,-111,-131,-89]} 1. e4 e5 2. Nf3 Nc6 3. Bc4 Nf6 4. d3 Bc5 5. c3 d6 6. O-O a6 7. Nbd2 {[%cal Bb1d2,Bd2f1,Bf1g3][%mdl 32]} O-O 8. Bb3 Ba7 9. h3 Ne7 10. Re1 Ng6 11. Nf1 Be6 12. Ng3 {LiveBook: 36 Games. C54: Giuoco Piano: 4 c3 Nf6, main lines with 5 d4 and 5 d3} d5 $146 (12... c5 $14) ({Predecessor:} 12... h6 13. d4 Qd7 14. Bc2 c6 15. Be3 Rfd8 16. Qd2 Qe8 17. Rad1 Bb6 18. c4 Bxc4 19. Qc3 exd4 20. Nxd4 {1-0 (31) Kryvoruchko,Y (2697)-Granda Zuniga,J (2663) Linares 2015}) 13. exd5 (13. Bg5 $1 $16) 13... Nxd5 $14 {[%cal Bf6d5,Bd5e7,Be7f5][%mdl 32]} 14. Nxe5 (14. d4 $14 {stays ahead.}) 14... Nxe5 $17 15. Rxe5 {[#]} Bxf2+ $1 16. Kxf2 {Hoping for d4.} Qf6+ 17. Rf5 Bxf5 18. Qf3 {[#]} Ne7 $1 19. Be3 {White wants to play Bc5.} Rad8 ({Much weaker is} 19... Bxd3 $6 20. Qxf6 gxf6 21. Nh5 $11) 20. d4 Rfe8 21. Kg1 Qg6 22. Nxf5 Nxf5 23. Bf4 c6 1/2-1/2

[Event "XVII MetLife Najdorf Open 2017"]
[Site "Warsaw"]
[Date "2017.07.15"]
[Round "7"]
[White "Nasuta, Grzegorz"]
[Black "Indjic, Aleksandar"]
[Result "0-1"]
[WhiteElo "2455"]
[BlackElo "2575"]
[Annotator "TA"]
[PlyCount "82"]
[EventDate "2017.??.??"]
[EventType "swiss"]
[EventCountry "POL"]
[SourceTitle "playchess.com"]
[Source "ChessBase"]
[SourceQuality "1"]

{[%evp 14,82,9,-2,53,13,47,40,28,30,50,43,75,31,38,41,61,48,53,57,78,28,45,18,25,18,25,20,91,-37,-29,-89,-88,-77,0,0,0,0,0,0,0,0,0,0,0,0,0,0,0,-8,0,-62,-17,-47,-55,-92,-114,-96,-79,-240,-217,-211,-206,-239,-229,-589,-589,-558,-560,-558,-554]} 1. e4 c5 2. Nf3 Nc6 3. Bb5 e6 4. O-O Nge7 5. Re1 a6 6. Bf1 d5 7. d3 h6 {B30: Sicilian: 2...Nc6 3 Bb5, lines without ...g6} 8. Nbd2 {[%cal Bb1d2,Bd2b3,Bb3c5][%mdl 32] LiveBook: 7 Games} g5 (8... b6 $11) 9. Nb3 $146 ({Predecessor:} 9. d4 cxd4 10. exd5 Qxd5 11. Nc4 Qd8 12. h4 Ng6 13. hxg5 b5 14. Nce5 Ngxe5 15. Nxe5 Nxe5 16. Rxe5 Bg7 17. Bf4 hxg5 18. Rxg5 Bb7 19. Qg4 {½-½ (19) Sutovsky,E (2700)-Vorobiov,E (2574) Khanty-Mansiysk 2011}) 9... d4 {The position is equal.} 10. Nxc5 g4 11. Nd2 Ng6 12. Ncb3 h5 13. c3 e5 $1 14. cxd4 exd4 15. e5 Be6 16. Ne4 Ngxe5 17. Nbc5 Bc8 18. Bg5 Be7 19. Bxe7 Qxe7 20. Rc1 h4 (20... O-O $11) 21. Qb3 (21. h3 $16) 21... Kf8 $15 22. Qd5 {[#]} (22. Nd2 $11 {remains equal.}) 22... Rh6 $1 $17 23. Nb3 f5 ({Better is} 23... Be6 $17 24. Qc5 Bxb3 25. Qxe7+ Kxe7 26. axb3 Kf8) 24. Ned2 $1 $11 Be6 25. Qc5 $36 {[%mdl 2048] Black is under pressure.} Bxb3 26. Nxb3 {Hoping for Qxe7+.} Qxc5 27. Rxc5 Re8 28. Nxd4 Nxd4 29. Rexe5 Rxe5 30. Rxe5 {[%mdl 4096] Endgame Threatens to win with Rd5. KRB-KRN} Rd6 $1 31. f4 g3 32. hxg3 (32. Rc5 $11) 32... hxg3 $15 33. Re3 Rg6 {[%mdl 1024] Black has compensation.} 34. Re5 Rg4 35. Re3 a5 {[%cal Ba6a5,Ba5a4][%mdl 32]} 36. a3 $2 (36. Be2 $17 Rxf4 37. Bf3) 36... a4 $19 37. Be2 Rxf4 38. Bf3 {[#]} b5 $1 39. Bd1 $2 (39. Bd5) 39... Rf2 {Black is clearly winning.} 40. Rxg3 Rxb2 41. Kh2 Ra2 {Precision: White = 36%, Black = 69%.} 0-1

[Event "XVII MetLife Najdorf Open 2017"]
[Site "Warsaw"]
[Date "2017.07.15"]
[Round "7"]
[White "Jarmula, Lukasz"]
[Black "Stefanova, Antoaneta"]
[Result "1-0"]
[WhiteElo "2444"]
[BlackElo "2512"]
[Annotator "TA"]
[PlyCount "55"]
[EventDate "2017.??.??"]
[EventType "swiss"]
[EventCountry "POL"]
[SourceTitle "playchess.com"]
[Source "ChessBase"]
[SourceQuality "1"]

{[%evp 12,55,61,59,76,34,49,46,41,50,63,68,193,164,180,147,154,150,140,131,140,150,140,153,102,112,169,206,193,168,710,663,652,662,644,648,642,629,727,706,5002,5002,29991,29992,29998,29999]} 1. d4 g6 2. e4 {[%cal Be2e4,Be4e5][%mdl 32]} Bg7 3. Nc3 a6 4. f4 b5 5. Nf3 d6 6. Bd3 Nd7 7. e5 c5 {B06: Modern Defence} 8. Be4 Rb8 9. O-O (9. Be3 cxd4 10. Bxd4 dxe5 11. fxe5 e6 12. O-O Ne7 13. Qe1 O-O 14. a4 b4 15. Ne2 {0-1 (49) Anand,V (2793)-Caruana,F (2829) London 2014}) 9... Nh6 {White is slightly better.} 10. exd6 exd6 11. f5 $146 ({Predecessor:} 11. dxc5 dxc5 12. f5 gxf5 13. Bg5 f6 14. Bxh6 Bxh6 15. Bd5 {1-0 (24) Mutschnik,I (2410)-Wildi,M (2302) Germany 2004}) 11... cxd4 ({Black should play} 11... O-O $1 $14) 12. Nxd4 Qb6 13. Be3 Ng4 14. Qxg4 Bxd4 15. Bxd4 Qxd4+ 16. Kh1 {And now Rad1 would win.} O-O 17. fxg6 hxg6 18. Rad1 Qe5 (18... Nc5 $16 19. Qf3 (19. Rxd4 Bxg4 20. b4 Nxe4 $14) 19... Qg7) 19. Bd5 $18 Qg7 20. Ne4 $36 {[%mdl 2048] aiming for Qg5. Keeping Black busy.} Qh6 $2 {[#]} (20... Nc5 21. Nf6+ Qxf6 22. Rxf6 Bxg4 23. Rxg6+ Kh8 24. Rxg4 f5) 21. Qg3 Bb7 22. Bxb7 Rxb7 23. Nxd6 Ra7 {[#]} 24. Nxf7 $1 {[%mdl 512]} Qg7 (24... Rxf7 25. Rxf7) 25. Ng5 Qxb2 26. Qe3 Rc7 27. Qe6+ Kh8 28. Qh3+ {Precision: White = 97%, Black = 26%.} 1-0

[Event "XVII MetLife Najdorf Open 2017"]
[Site "Warsaw"]
[Date "2017.07.15"]
[Round "7"]
[White "Nguyen, Piotr"]
[Black "Sieber, Fiona"]
[Result "1-0"]
[WhiteElo "2444"]
[BlackElo "2287"]
[Annotator "TA"]
[PlyCount "67"]
[EventDate "2017.??.??"]
[EventType "swiss"]
[EventCountry "POL"]
[SourceTitle "playchess.com"]
[Source "ChessBase"]
[SourceQuality "1"]

{[%evp 27,67,0,0,0,0,0,128,116,162,120,175,194,175,180,181,168,180,181,166,141,152,140,154,124,147,147,153,129,578,575,29994,29995,29995,890,29993,29994,29994,29995,29995,29996,29997,29998]} 1. Nf3 Nf6 2. c4 e6 3. g3 d5 4. b3 c5 5. Bg2 Nc6 6. O-O Be7 7. e3 O-O 8. Bb2 d4 9. exd4 cxd4 10. Re1 Re8 11. d3 Bf8 {A14: English Opening: 1...e6 with b3 by White} (11... Bc5 12. Ba3 Nd7 13. Nfd2 Nb4 14. Ne4 a5 15. f4 Be7 16. Bb2 Nc6 17. a3 b6 18. Nd6 Bxd6 19. Bxc6 {½-½ (54) Robson,R (2668)-So,W (2822) Saint Louis 2017}) 12. Ne5 Nxe5 13. Rxe5 Nd7 14. Re1 e5 {LiveBook: 4 Games} 15. Ba3 Bxa3 16. Nxa3 {[%cal Bb1a3,Ba3b5,Bb5d6][%mdl 32]} Nc5 $146 (16... a5 $11 {keeps the balance.}) ({Predecessor:} 16... a5 17. Qd2 Nc5 18. f4 f6 19. fxe5 fxe5 {0-1 (44) Betaneli,A (2197)-Berczes,D (2493) Brownsville 2016}) 17. b4 $16 Nd7 18. Nb5 Re6 {[#]} (18... Re7 $16) 19. c5 $1 $18 Nf6 20. Nd6 Re7 21. Qd2 Ne8 22. Nc4 f6 23. f4 {[%cal Rf4e5]} Be6 24. fxe5 {aiming for Nd6.} Bxc4 25. dxc4 {Hoping for Bd5+.} fxe5 {[#]} 26. Qg5 $1 h6 27. Qf5 Qc7 $2 {[%mdl 8192]} (27... Nf6 $16 {is tougher.}) 28. Bd5+ Kh8 29. Qf8+ Kh7 30. Rf1 (30. Qg8+ $142 Kg6 31. Be4+ Kf6 32. Rf1+ Kg5 33. Qh7 h5 34. Qg6#) 30... Qd7 31. Qg8+ {White mates.} Kg6 32. Be4+ Kh5 33. Qh7 {[%csl Ge4][%cal Rh7g6]} Qe6 34. Rf5+ {Precision: White = 86%, Black = 35%.} 1-0

[Event "XVII MetLife Najdorf Open 2017"]
[Site "Warsaw"]
[Date "2017.07.15"]
[Round "7"]
[White "Sundararajan, Kidambi"]
[Black "Karwowski, Kacper"]
[Result "1-0"]
[WhiteElo "2444"]
[BlackElo "2221"]
[Annotator "TA"]
[PlyCount "135"]
[EventDate "2017.??.??"]
[EventType "swiss"]
[EventCountry "POL"]
[SourceTitle "playchess.com"]
[Source "ChessBase"]
[SourceQuality "1"]

{[%evp 21,134,7,20,23,16,5,13,16,63,54,50,47,68,67,72,20,54,41,70,52,67,43,66,29,75,18,18,14,15,20,15,15,21,16,40,33,96,85,92,90,96,77,234,220,420,431,413,407,392,377,437,443,443,430,435,433,395,344,477,475,469,457,843,831,878,863,770,750,987,914,29980,29980,29980,29980,29980,29981,29986,29987,29987,29988,29988,29986,29986,29987,29987,29988,29988,29987,29987,29988,29988,29987,29989,29989,29990,29991,29991,29990,29991,29992,29992,29993,29993,29994,29994,29995,29995,29996,29996,29997,29997,29998,29998,29999,29999]} 1. Nf3 Nf6 2. c4 b6 3. Nc3 Bb7 4. d4 e6 5. a3 d5 6. cxd5 exd5 7. Bf4 Bd6 8. Bxd6 Qxd6 9. Rc1 {E12: Queen's Indian: Unusual White 4th moves, 4 a3, 4 Nc3 Bb7 5 a3 and 4 Nc3 Bb7} a6 10. g3 Nbd7 11. Bg2 O-O {LiveBook: 7 Games} 12. O-O c5 (12... Rfe8 13. e3 Rac8 14. Ne1 c5 15. dxc5 bxc5 16. Nd3 Nb6 {½-½ (109) Nakamura,H (2779)-Dubov,D (2660) Doha 2016}) 13. dxc5 bxc5 14. Nh4 Bc6 $146 ({Find the theoretical novelty and annotate with similar games:} 14... Nb6 15. e4 d4 16. e5 Qxe5 17. Bxb7 dxc3 18. Bxa8 cxb2 {1-0 (39) Aleshin,O (2398)-Inants,A (2241) Moscow 2008}) 15. Nxd5 (15. Bxd5 $5 Bxd5 16. Nf5 $14) 15... Bxd5 {[#]} 16. e4 $1 {[%mdl 512]} Qe5 (16... Nxe4 $2 17. Bxe4 Nf6 18. Nf5 $18) (16... Bxe4 17. Qxd6) 17. exd5 Qxb2 18. Qd3 (18. Nf5 $16) 18... g6 19. Nf3 Rad8 20. Rfd1 (20. Rb1 $5 {[%cal Rb1b2]} c4 21. Qe3 $16 (21. Rxb2 cxd3 22. Nd4 Nc5 $11) (21. Qxc4 Qxa3 22. Rfd1 Rfe8 $16)) 20... Rfe8 21. Rb1 ({Of course not} 21. Qxa6 Ne4 $11) 21... Qa2 22. Ra1 c4 23. Rxa2 (23. Qxg6+ $16 hxg6 24. Rxa2) 23... cxd3 $11 24. Rxd3 Nc5 25. Rd1 Rxd5 26. Rxd5 Nxd5 27. Rc2 Ne6 28. Rc6 Nec7 (28... Rb8 $14) 29. Bf1 $1 $16 Re6 {[#]} 30. Rc5 $1 Rf6 31. Ne5 {Bc4 is the strong threat.} Rf5 $2 (31... Re6 $16 {was worth a try.}) 32. f4 $18 {Threatens to win with Bc4.} f6 $2 (32... Rf6 {might work better.} 33. Bc4 Rd6) 33. Nd3 Ne6 {[#]} 34. Rc8+ $1 Kf7 35. g4 Ne7 36. gxf5 Nxc8 37. fxe6+ Kxe6 38. Nc5+ Kd5 39. Nxa6 Nb6 40. Kf2 Ke4 41. Kg3 g5 (41... Kd5 $142 42. Bb5 Kd6) 42. fxg5 fxg5 43. Kg4 h6 44. Nc5+ Ke3 45. a4 Nxa4 46. Nxa4 {White mates.} Kf2 47. Bc4 Kg2 48. Nc3 Kxh2 49. Ne4 Kg2 50. Be2 Kh2 51. Kh5 Kh3 52. Bg4+ Kg2 53. Kxh6 Kf1 54. Kg6 Ke1 55. Kf5 Kf1 56. Ke5 Kg1 57. Kd4 Kf1 58. Ke3 Kg1 59. Nxg5 Kg2 60. Ne4 Kf1 61. Kd2 Kg1 62. Bh3 Kh2 63. Bf1 Kg1 64. Ke2 Kh2 65. Kf2 Kh1 66. Ng5 Kh2 67. Nf3+ Kh1 68. Bg2# {Precision: White = 67%, Black = 16%.} 1-0